Influence of Plasticizers on Mechanical and Thermal Properties of Methyl Cellulose based Biodegradable Films / (Record no. 534627)

000 -LEADER
fixed length control field 00551nam a22001577a 4500
020 ## - INTERNATIONAL STANDARD BOOK NUMBER
Qualifying information Hard Cover.
082 ## - DEWEY DECIMAL CLASSIFICATION NUMBER
Classification number 660
100 ## - MAIN ENTRY--PERSONAL NAME
Personal name Khan, Awais
245 ## - TITLE STATEMENT
Title Influence of Plasticizers on Mechanical and Thermal Properties of Methyl Cellulose based Biodegradable Films /
Statement of responsibility, etc. Awais Khan.
260 ## - PUBLICATION, DISTRIBUTION, ETC.
Place of publication, distribution, etc. Islamabad :
Name of publisher, distributor, etc. SCME - NUST,
Date of publication, distribution, etc. 2016.
300 ## - PHYSICAL DESCRIPTION
Extent x, 64 p. ill. :
Dimensions 30cm.
942 ## - ADDED ENTRY ELEMENTS (KOHA)
Source of classification or shelving scheme
Koha item type Thesis
650 ## - SUBJECT ADDED ENTRY--TOPICAL TERM
Topical term or geographic name entry element Chemical Engineering - MS Thesis.
700 ## - ADDED ENTRY--PERSONAL NAME
Personal name Dr. Salman Raza Naqvi.
650 ## - SUBJECT ADDED ENTRY--TOPICAL TERM
-- 16130
700 ## - ADDED ENTRY--PERSONAL NAME
-- 28711
Holdings
Withdrawn status Lost status Source of classification or shelving scheme Damaged status Not for loan Permanent Location Current Location Shelving location Date acquired Total Checkouts Full call number Barcode Date last seen Price effective from Koha item type
          Central Library (CL) Central Library (CL) Thesis 03/10/2020   660 CL-T-5367 03/10/2020 03/10/2020 Thesis
© 2023 Central Library, National University of Sciences and Technology. All Rights Reserved.